Transputer development system
Gespeichert in:
| Format: | Buch |
|---|---|
| Sprache: | Englisch |
| Veröffentlicht: |
New York :
Prentice Hall,
1988
|
| Tags: |
Keine Tags, Fügen Sie das erste Tag hinzu!
|
MARC
| LEADER | 00000nam a22000003a 4500 | ||
|---|---|---|---|
| 001 | stu2020 | ||
| 005 | 20141121193248.5 | ||
| 008 | 920616s1988----xxu-----------------eng-d | ||
| 040 | |a STU |b slo | ||
| 041 | 0 | |a eng | |
| 044 | |a xxu | ||
| 080 | |a 681.324.06 | ||
| 080 | |a 519.68 | ||
| 245 | |a Transputer development system | ||
| 260 | |a New York : |b Prentice Hall, |c 1988 | ||
| 300 | |a 491 s | ||
| 996 | |c I*18PD4220 |l I |s A |a 24 |w stu2020_0001 | ||